[Event "Cellavision Cup 2018"]
[Site "Lund"]
[Date "2018.08.03"]
[Round "2"]
[White "Golubka, Petro"]
[Black "Neretljak, Nedzad"]
[Result "1/2-1/2"]
[WhiteElo "2478"]
[BlackElo "2103"]
[Annotator "TA"]
[PlyCount "106"]
[EventDate "2018.08.03"]
[EventType "swiss"]
[EventCountry "SWE"]
[SourceTitle "playchess.com"]
[Source "ChessBase"]
[SourceQuality "1"]

{[%evp 14,106,22,5,16,33,35,25,41,7,67,47,56,38,25,22,31,36,28,4,15,7,12,-11,8,5,35,16,27,23,149,50,125,0,68,69,74,60,82,82,81,45,62,55,82,73,68,25,34,48,35,13,27,30,91,61,90,82,87,78,84,76,142,93,103,86,99,83,89,80,74,88,123,108,438,422,364,241,321,0,0,0,29982,-35,-35,-123,0,0,0,0,0,0,8,8,8]} 1. e4 e6 2. d4 d5 3. Bd3 Nf6 4. e5 Nfd7 5. c3 c5 6. Nf3 Nc6 7. O-O Be7 {C02: Französische Verteidigung (Vorstoßvariante)} 8. Bc2 {LiveBook: 12 Partien} f5 (8... b6 9. a3 c4 10. Re1 b5 11. Nbd2 a5 12. Nf1 Nb6 {½-½ (27) Vazquez Igarza,R (2565)-Anton Guijarro,D (2630) Madrid 2016}) 9. exf6 Nxf6 {Weiß steht etwas besser.} 10. Re1 O-O 11. Be3 $146 ({Vorgänger:} 11. Ng5 Qd6 12. Na3 Nd8 13. dxc5 Qxc5 {1-0 (29) Platel,A (2219)-Jackson,O (2146) Benidorm 2014}) 11... c4 (11... cxd4 $11 12. Nxd4 e5) 12. a4 Qc7 13. Nbd2 Bd6 14. Bg5 Bd7 15. Bh4 Rae8 16. Qb1 h6 17. Bg6 Re7 18. b3 cxb3 19. Qxb3 Na5 20. Qc2 Be8 21. Ne5 Nc4 (21... Nc6 $11 {hält das Gleichgewicht.}) 22. Ndf3 (22. Ndxc4 $16 dxc4 23. a5) 22... a5 (22... Qc8 $14) 23. Nxc4 ({Günstiger ist} 23. h3 $16) 23... Qxc4 (23... Bxg6 $11 24. Qxg6 Qxc4) 24. Bd3 $14 Qc8 25. Bg3 Bxg3 26. hxg3 Rc7 27. Rec1 Bh5 28. Rab1 Nd7 29. Qe2 Rf6 30. Qe3 (30. Rb5 {is more complex.} Nb8 31. Bb1 Nc6 32. Qe3 Be8 33. Rb6) 30... Bg6 $1 31. Bxg6 Rxg6 32. Rb5 b6 $1 33. Nd2 {[%cal Bf3d2,Bd2e4,Be4d6][%mdl 32]} Rf6 (33... Rc6 $11) 34. c4 $16 dxc4 35. Ne4 Rg6 36. Nd6 Qf8 37. Nxc4 Rf6 ({Besser ist} 37... Qc8 38. Qd3 Rg5) 38. Rbb1 Rc6 39. Ne5 $36 {[%mdl 2048] Weiss ist am Drücker.} Rxc1+ 40. Rxc1 Nxe5 41. dxe5 {[%mdl 4096] Endspiel KDT-KDT} Rf5 42. g4 Rf4 43. Qxb6 Rxa4 $2 {[%mdl 8192]} (43... Qe8 $16 {leistet mehr Widerstand.}) 44. Qxe6+ $18 Kh7 45. g3 Qf3 46. g5 $2 (46. Qf5+ $1 $18 Qxf5 47. gxf5) 46... hxg5 $11 47. Qd7 Ra2 $2 {[%mdl 8192]} (47... Re4 $11) 48. Qd4 $2 (48. Qh3+ {setzt Matt} Kg6 49. Qe6+ Kh7 50. Qxa2 Qf8 51. Qb1+ Kg8 52. Qb7 Kh7 53. e6) 48... Re2 $15 {...a4! ist eine echte Drohung.} 49. Rd1 {[#]} ({Lieber} 49. Rf1 $15) 49... Qe4 (49... a4 $1 $17 {[%cal Ra4a3][%mdl 512] zielt auf ...a3 ab.} 50. Qd3+ (50. Qxa4 Qxf2+) 50... Qxd3 51. Rxd3 Rxe5) 50. Qxe4+ $11 {Die Stellung ist ausgeglichen.} Rxe4 51. Rd5 a4 52. Ra5 a3 53. Rxa3 Rxe5 {Precision: Weiß = 48%, Schwarz = 38%.} 1/2-1/2

[Event "Cellavision Cup 2018"]
[Site "Lund"]
[Date "2018.08.03"]
[Round "2"]
[White "Himanshu, Sharma"]
[Black "Harren, Mats"]
[Result "0-1"]
[WhiteElo "2436"]
[BlackElo "2098"]
[Annotator "NA RC"]
[PlyCount "129"]
[EventDate "2018.08.03"]
[EventType "swiss"]
[EventCountry "SWE"]
[SourceTitle "playchess.com"]
[Source "ChessBase"]
[SourceQuality "1"]
[TimeControl "900+5"]

1. e4 {[%emt 0:00:00]} e5 {[%emt 0:00:00]} 2. Nf3 {[%emt 0:00:00]} Nc6 {[%emt 0:00:00]} 3. Bb5 {[%emt 0:00:01]} a6 {[%emt 0:00:01]} 4. Bxc6 {[%emt 0:00:03]} dxc6 {[%emt 0:00:05]} 5. O-O {[%emt 0:00:02]} Bg4 {[%emt 0:00:21]} 6. h3 {[%emt 0:00:02]} h5 {[%emt 0:00:02]} 7. d3 {[%emt 0:00:01]} Qf6 {[%emt 0:00:16]} 8. Be3 {[%emt 0:00:01]} Bxf3 {[%emt 0:00:56]} 9. Qxf3 {[%emt 0:00:02]} Qxf3 {[%emt 0:00:06]} 10. gxf3 {[%emt 0:00:02]} f6 {[%emt 0:00:11]} 11. f4 {[%emt 0:00:02]} exf4 {[%emt 0:00:07]} 12. Bxf4 {[%emt 0:00:02]} Bd6 {[%emt 0:00:09]} 13. Be3 {[%emt 0:00:11]} Ne7 {[%emt 0:00:38]} 14. f4 {[%emt 0:00:16]} c5 {[%emt 0:00:40]} 15. Nd2 {[%emt 0:00:06]} Nc6 {[%emt 0:01:17]} 16. Kf2 {[%emt 0:00:23]} Kf7 {[%emt 0:00:36]} 17. Ke2 {[%emt 0:01:02]} Be7 {[%emt 0:01:27]} 18. f5 {[%emt 0:00:04]} Rhg8 {[%emt 0:00:23]} 19. Nf3 {[%emt 0:00:13]} Bd6 {[%emt 0:00:23]} 20. Nh4 {[%emt 0:00:25]} Rae8 {[%emt 0:00:46]} 21. Ng6 {[%emt 0:00:18]} c4 {[%emt 0:00:44]} 22. a3 {[%emt 0:01:04]} cxd3+ {[%emt 0:00:18]} 23. cxd3 {[%emt 0:00:01]} Rd8 {[%emt 0:00:17]} 24. d4 {[%emt 0:00:42]} Rge8 {[%emt 0:00:38]} 25. Kf3 {[%emt 0:00:08]} Na5 {[%emt 0:00:56]} 26. Rac1 {[%emt 0:00:14]} b5 {[%emt 0:00:32]} 27. d5 {[%emt 0:02:56]} Nc4 {[%emt 0:01:09]} 28. b3 {[%emt 0:00:35]} Nxa3 {[%emt 0:01:17]} 29. Bf4 {[%emt 0:00:12]} Bxf4 {[%emt 0:01:10]} 30. Nxf4 {[%emt 0:00:13]} Rd7 {[%emt 0:00:20]} 31. Rc6 {[%emt 0:00:23]} b4 {[%emt 0:00:14]} 32. Rxa6 {[%emt 0:00:11]} Nb5 {[%emt 0:00:03]} 33. Ne6 {[%emt 0:00:49]} Rd6 {[%emt 0:00:34]} 34. Nxc7 {[%emt 0:00:44]} Rxa6 {[%emt 0:00:27]} 35. Nxa6 {[%emt 0:00:03]} Nd4+ {[%emt 0:00:11]} 36. Kf4 {[%emt 0:00:44]} Nxb3 {[%emt 0:00:02]} 37. Rd1 {[%emt 0:00:17]} Na5 {[%emt 0:00:18]} 38. Nxb4 {[%emt 0:00:11]} Nc4 {[%emt 0:00:06]} 39. Rd4 {[%emt 0:02:43]} Nd6 {[%emt 0:00:18]} 40. Nd3 {[%emt 0:00:09]} g5+ {[%emt 0:00:07]} 41. fxg6+ {[%emt 0:00:37]} Kxg6 {[%emt 0:00:01]} 42. Ra4 {[%emt 0:00:07]} Re7 {[%emt 0:00:06]} 43. Nc5 {[%emt 0:00:08]} Nf7 {[%emt 0:00:08]} 44. Ra6 {[%emt 0:00:20]} Rc7 {[%emt 0:00:09]} 45. Rc6 {[%emt 0:00:11]} Ra7 {[%emt 0:00:04]} 46. h4 {[%emt 0:00:27]} Ne5 {[%emt 0:00:06]} 47. Nb3 {[%emt 0:01:03]} Ra3 {[%emt 0:00:07]} 48. Rc3 {[%emt 0:00:02]} Ra4 {[%emt 0:00:02]} 49. Nd2 {[%emt 0:00:17]} Rd4 {[%emt 0:00:08]} 50. Nf3 {[%emt 0:00:07]} Nxf3 {[%emt 0:00:03]} 51. Kxf3 {[%emt 0:00:01]} f5 {[%emt 0:00:02]} 52. Rc6+ {[%emt 0:00:05]} Kf7 {[%emt 0:00:03]} 53. exf5 {[%emt 0:00:03]} Rxd5 {[%emt 0:00:01]} 54. Kf4 {[%emt 0:00:04]} Kg7 {[%emt 0:00:03]} 55. Kg5 {[%emt 0:00:02]} Rd2 {[%emt 0:00:01]} 56. Rc7+ {[%emt 0:00:02]} Kg8 {[%emt 0:00:02]} 57. Kxh5 {[%emt 0:00:14]} Rg2 {[%emt 0:00:02]} 58. Kh6 {[%emt 0:00:04]} Rg4 {[%emt 0:00:02]} 59. h5 {[%emt 0:00:02]} Rg2 {[%emt 0:00:03]} 60. f6 {[%emt 0:00:09]} Rf2 {[%emt 0:00:01]} 61. Rg7+ {[%emt 0:00:03]} Kh8 {[%emt 0:00:02]} 62. Rg6 {[%emt 0:00:03]} Rg2 {[%emt 0:00:03]} 63. Rg5 {[%emt 0:00:17]} Rg1 {[%emt 0:00:01]} 64. Kg6 {[%emt 0:00:04]} Rf1 {[%emt 0:00:02]} 65. f7 0-1

[Event "Cellavision Cup 2018"]
[Site "Lund"]
[Date "2018.08.03"]
[Round "2"]
[White "Svensson, Bo Anders"]
[Black "Hansen, Torbjorn Ringdal"]
[Result "0-1"]
[WhiteElo "2209"]
[BlackElo "2422"]
[Annotator "NA"]
[PlyCount "40"]
[EventDate "2018.08.03"]
[EventType "swiss"]
[EventCountry "SWE"]
[SourceTitle "playchess.com"]
[Source "ChessBase"]
[SourceQuality "1"]
[TimeControl "900+5"]

1. e4 {[%emt 0:00:00]} c6 {[%emt 0:00:00]} 2. d4 {[%emt 0:00:00]} d5 {[%emt 0:00:00]} 3. Nc3 {[%emt 0:00:00]} dxe4 {[%emt 0:00:00]} 4. Nxe4 {[%emt 0:00:00]} Nf6 {[%emt 0:00:00]} 5. Nxf6+ {[%emt 0:00:04]} exf6 {[%emt 0:00:02]} 6. Nf3 {[%emt 0:00:24]} Bd6 {[%emt 0:00:02]} 7. Be2 {[%emt 0:00:04]} O-O {[%emt 0:00:04]} 8. O-O {[%emt 0:00:10]} Re8 {[%emt 0:00:01]} 9. h3 {[%emt 0:00:31]} Nd7 {[%emt 0:00:03]} 10. c4 {[%emt 0:00:30]} Nf8 {[%emt 0:00:09]} 11. Be3 {[%emt 0:00:25]} Be6 {[%emt 0:00:08]} 12. Qd2 {[%emt 0:00:17]} Qd7 {[%emt 0:00:07]} 13. Rad1 {[%emt 0:01:10]} Rad8 {[%emt 0:01:45]} 14. Rfe1 {[%emt 0:00:34]} Bxh3 {[%emt 0:00:04]} 15. gxh3 {[%emt 0:02:44]} Qxh3 {[%emt 0:01:27]} 16. Bf4 {[%emt 0:00:28]} Re4 {[%emt 0:00:06]} 17. Bxd6 {[%emt 0:00:22]} Rxd6 {[%emt 0:00:19]} 18. Nh2 {[%emt 0:01:39]} Rh4 19. Bf3 f5 {[%emt 0:00:53]} 20. Re8 {[%emt 0:00:49]} Rg6+ {[%emt 0:00:13]} 0-1

[Event "Cellavision Cup 2018"]
[Site "Lund"]
[Date "2018.08.03"]
[Round "2"]
[White "Hansson, Fredrik"]
[Black "Grandelius, Nils"]
[Result "0-1"]
[WhiteElo "2181"]
[BlackElo "2658"]
[Annotator "ChessBase"]
[PlyCount "60"]
[EventDate "2018.08.03"]
[EventType "swiss"]
[EventCountry "SWE"]
[SourceTitle "playchess.com"]
[Source "ChessBase"]
[SourceQuality "1"]
[TimeControl "900+5"]

1. e4 {[%emt 0:00:00]} c5 {[%emt 0:00:02]} 2. c3 {[%emt 0:00:04]} Nf6 {[%emt 0:00:03]} 3. e5 {[%emt 0:00:02]} Nd5 {[%emt 0:00:01]} 4. d4 {[%emt 0:00:03]} cxd4 {[%emt 0:00:03]} 5. cxd4 {[%emt 0:00:04]} e6 {[%emt 0:00:04]} 6. Nf3 {[%emt 0:00:03]} b6 {[%emt 0:00:06]} 7. Bd3 {[%emt 0:00:05]} Bb7 {[%emt 0:00:55]} 8. O-O {[%emt 0:00:04]} Be7 {[%emt 0:00:01]} 9. Nc3 {[%emt 0:00:06]} Nxc3 {[%emt 0:00:04]} 10. bxc3 {[%emt 0:00:03]} Qc7 {[%emt 0:00:10]} 11. c4 {[%emt 0:02:08]} d6 {[%emt 0:00:17]} 12. exd6 {[%emt 0:01:44]} Bxd6 {[%emt 0:00:17]} 13. h3 {[%emt 0:00:04]} Nd7 {[%emt 0:00:14]} 14. Qe2 {[%emt 0:00:30]} O-O {[%emt 0:00:31]} 15. Bb2 {[%emt 0:00:41]} Rfe8 {[%emt 0:00:14]} 16. Rfe1 {[%emt 0:02:03]} Bb4 {[%emt 0:00:19]} 17. Red1 {[%emt 0:00:10]} Rac8 {[%emt 0:00:40]} 18. Rac1 {[%emt 0:00:18]} Qf4 {[%emt 0:00:43]} 19. Qe3 {[%emt 0:00:46]} Bd6 {[%emt 0:00:31]} 20. Qxf4 {[%emt 0:04:00]} Bxf4 {[%emt 0:00:02]} 21. Rc2 {[%emt 0:00:23]} Red8 {[%emt 0:00:18]} 22. Bc1 {[%emt 0:00:26]} Bxf3 {[%emt 0:01:06]} 23. gxf3 {[%emt 0:00:05]} Bxc1 {[%emt 0:00:01]} 24. Rcxc1 {[%emt 0:00:07]} Kf8 {[%emt 0:00:17]} 25. Kf1 {[%emt 0:00:52]} Nf6 {[%emt 0:00:10]} 26. Be4 {[%emt 0:00:35]} Nh5 {[%emt 0:00:38]} 27. h4 {[%emt 0:00:57]} Nf4 {[%emt 0:00:07]} 28. d5 {[%emt 0:00:51]} f5 {[%emt 0:00:42]} 29. Bb1 {[%emt 0:00:02]} g6 {[%emt 0:00:08]} 30. dxe6 {[%emt 0:00:08]} Ke7 {[%emt 0:00:32]} 0-1

[Event "Cellavision Cup 2018"]
[Site "Lund"]
[Date "2018.08.03"]
[Round "2"]
[White "Ivarsson, Torbjorn"]
[Black "Hansen, Sune Berg"]
[Result "0-1"]
[WhiteElo "2156"]
[BlackElo "2589"]
[Annotator "ChessBase"]
[PlyCount "100"]
[EventDate "2018.08.03"]
[EventType "swiss"]
[EventCountry "SWE"]
[SourceTitle "playchess.com"]
[Source "ChessBase"]
[SourceQuality "1"]
[TimeControl "900+5"]

1. d4 {[%emt 0:00:00]} Nf6 {[%emt 0:00:00]} 2. Bf4 {[%emt 0:00:01]} d5 {[%emt 0:00:23]} 3. e3 {[%emt 0:00:04]} e6 {[%emt 0:00:08]} 4. c3 {[%emt 0:00:07]} Bd6 {[%emt 0:00:05]} 5. Bg3 {[%emt 0:00:02]} Ne4 {[%emt 0:00:42]} 6. Bxd6 {[%emt 0:00:15]} cxd6 {[%emt 0:00:08]} 7. Nd2 {[%emt 0:00:04]} O-O {[%emt 0:00:25]} 8. Nxe4 {[%emt 0:00:44]} dxe4 {[%emt 0:00:02]} 9. f3 {[%emt 0:01:01]} exf3 {[%emt 0:00:18]} 10. Nxf3 {[%emt 0:00:05]} Qe7 {[%emt 0:00:16]} 11. Be2 {[%emt 0:00:41]} Nd7 {[%emt 0:00:10]} 12. O-O {[%emt 0:00:12]} Nf6 {[%emt 0:00:20]} 13. Nd2 {[%emt 0:01:07]} Bd7 {[%emt 0:01:36]} 14. Qe1 {[%emt 0:00:10]} Bc6 {[%emt 0:00:31]} 15. Bf3 {[%emt 0:00:17]} e5 {[%emt 0:01:01]} 16. Qg3 {[%emt 0:01:10]} Qe6 {[%emt 0:00:19]} 17. Rae1 {[%emt 0:00:46]} Rae8 {[%emt 0:00:32]} 18. b3 {[%emt 0:00:32]} Bxf3 {[%emt 0:00:25]} 19. gxf3 {[%emt 0:00:37]} Nd5 {[%emt 0:00:30]} 20. c4 {[%emt 0:01:43]} Nb4 {[%emt 0:00:04]} 21. dxe5 {[%emt 0:00:30]} dxe5 {[%emt 0:00:23]} 22. Ne4 {[%emt 0:00:20]} f5 {[%emt 0:00:09]} 23. Nc3 {[%emt 0:00:05]} Rf6 {[%emt 0:00:14]} 24. Kh1 {[%emt 0:00:08]} Rg6 {[%emt 0:01:22]} 25. Qh3 {[%emt 0:00:01]} Rh6 {[%emt 0:00:21]} 26. Qg2 {[%emt 0:00:21]} e4 {[%emt 0:00:45]} 27. fxe4 {[%emt 0:00:39]} fxe4 {[%emt 0:00:02]} 28. Rd1 {[%emt 0:00:06]} Rg6 {[%emt 0:00:11]} 29. Qf2 {[%emt 0:00:13]} Rf6 {[%emt 0:00:50]} 30. Qg2 {[%emt 0:00:05]} Rg6 {[%emt 0:00:25]} 31. Qf2 {[%emt 0:00:03]} Nd3 {[%emt 0:00:01]} 32. Qf5 {[%emt 0:00:18]} h6 {[%emt 0:00:34]} 33. Qxe6+ {[%emt 0:00:19]} Rexe6 {[%emt 0:00:26]} 34. Nxe4 {[%emt 0:00:22]} Nb4 {[%emt 0:00:08]} 35. Ng3 {[%emt 0:00:16]} Rxe3 {[%emt 0:00:21]} 36. Rd8+ {[%emt 0:00:24]} Kh7 {[%emt 0:00:01]} 37. Rd7 {[%emt 0:00:01]} Nxa2 {[%emt 0:00:43]} 38. Rff7 {[%emt 0:00:03]} Rxb3 {[%emt 0:00:07]} 39. Rxb7 {[%emt 0:00:10]} Rxb7 {[%emt 0:00:02]} 40. Rxb7 {[%emt 0:00:01]} a6 {[%emt 0:00:07]} 41. c5 {[%emt 0:00:08]} Nc3 {[%emt 0:00:05]} 42. Nf5 {[%emt 0:00:06]} Rg5 {[%emt 0:00:11]} 43. Rf7 {[%emt 0:00:23]} Kg6 {[%emt 0:00:23]} 44. Nd6 {[%emt 0:00:24]} Rxc5 {[%emt 0:00:12]} 45. Ra7 {[%emt 0:00:02]} Re5 {[%emt 0:00:29]} 46. Rxa6 {[%emt 0:00:10]} Re6 {[%emt 0:00:01]} 47. Rb6 {[%emt 0:00:01]} Nd5 {[%emt 0:00:03]} 48. Rc6 {[%emt 0:00:15]} Kh5 {[%emt 0:00:14]} 49. Kg2 {[%emt 0:00:07]} g5 {[%emt 0:00:10]} 50. Kg3 {[%emt 0:00:08]} Nf6 {[%emt 0:00:06]} 0-1

[Event "Cellavision Cup 2018"]
[Site "Lund"]
[Date "2018.08.03"]
[Round "2"]
[White "Nordebrink, Johan"]
[Black "Hillarp Persson, Tiger"]
[Result "0-1"]
[WhiteElo "2146"]
[BlackElo "2542"]
[Annotator "ChessBase"]
[PlyCount "48"]
[EventDate "2018.08.03"]
[EventType "swiss"]
[EventCountry "SWE"]
[SourceTitle "playchess.com"]
[Source "ChessBase"]
[SourceQuality "1"]
[TimeControl "900+5"]

1. c4 {[%emt 0:00:00]} g6 {[%emt 0:00:00]} 2. Nf3 {[%emt 0:00:00]} Bg7 {[%emt 0:00:00]} 3. e3 {[%emt 0:00:04]} d6 {[%emt 0:00:11]} 4. Be2 {[%emt 0:00:04]} e5 {[%emt 0:00:44]} 5. Nc3 {[%emt 0:00:12]} f5 {[%emt 0:00:07]} 6. d4 {[%emt 0:00:14]} e4 {[%emt 0:00:02]} 7. Nd2 {[%emt 0:00:02]} Nf6 {[%emt 0:00:05]} 8. Qc2 {[%emt 0:00:12]} Nc6 {[%emt 0:00:15]} 9. a3 {[%emt 0:00:05]} Ne7 {[%emt 0:00:22]} 10. b4 {[%emt 0:00:08]} c6 {[%emt 0:00:14]} 11. Bb2 {[%emt 0:00:05]} d5 {[%emt 0:00:03]} 12. b5 {[%emt 0:01:32]} O-O {[%emt 0:00:23]} 13. a4 {[%emt 0:01:52]} g5 {[%emt 0:02:23]} 14. h4 {[%emt 0:01:30]} gxh4 {[%emt 0:00:02]} 15. Rxh4 {[%emt 0:00:44]} Ng6 {[%emt 0:00:21]} 16. Rh2 {[%emt 0:01:13]} f4 {[%emt 0:00:01]} 17. O-O-O {[%emt 0:00:08]} fxe3 {[%emt 0:01:03]} 18. fxe3 {[%emt 0:00:03]} Ng4 {[%emt 0:00:03]} 19. Bxg4 {[%emt 0:00:12]} Bxg4 {[%emt 0:00:02]} 20. Rdh1 {[%emt 0:00:14]} h5 {[%emt 0:00:06]} 21. Qb3 {[%emt 0:01:17]} Rf5 {[%emt 0:00:39]} 22. cxd5 {[%emt 0:00:37]} cxd5 {[%emt 0:00:02]} 23. Ncxe4 {[%emt 0:01:08]} a6 {[%emt 0:01:42]} 24. Ng3 {[%emt 0:00:22]} Qc7+ {[%emt 0:00:02]} 0-1

[Event "Cellavision Cup 2018"]
[Site "Lund"]
[Date "2018.08.03"]
[Round "2"]
[White "Ask, Josef"]
[Black "Sivuk, Vitaly"]
[Result "0-1"]
[WhiteElo "2144"]
[BlackElo "2535"]
[Annotator "ChessBase"]
[PlyCount "66"]
[EventDate "2018.08.03"]
[EventType "swiss"]
[EventCountry "SWE"]
[SourceTitle "playchess.com"]
[Source "ChessBase"]
[SourceQuality "1"]
[TimeControl "900+5"]

1. e4 {[%emt 0:00:00]} c5 {[%emt 0:00:00]} 2. d4 {[%emt 0:00:06]} cxd4 {[%emt 0:00:04]} 3. c3 {[%emt 0:00:00]} Nf6 {[%emt 0:00:06]} 4. e5 {[%emt 0:00:02]} Nd5 {[%emt 0:00:02]} 5. Qxd4 {[%emt 0:00:02]} e6 {[%emt 0:00:04]} 6. Nf3 {[%emt 0:00:01]} Nc6 {[%emt 0:00:03]} 7. Qe4 {[%emt 0:00:02]} f5 {[%emt 0:00:05]} 8. Qe2 {[%emt 0:00:01]} b5 {[%emt 0:00:12]} 9. g3 {[%emt 0:00:02]} a5 {[%emt 0:00:05]} 10. Nh4 {[%emt 0:00:19]} g6 {[%emt 0:04:34]} 11. Bg2 {[%emt 0:00:05]} Qc7 {[%emt 0:00:50]} 12. Nxf5 {[%emt 0:00:42]} gxf5 {[%emt 0:02:07]} 13. Qh5+ {[%emt 0:00:23]} Kd8 {[%emt 0:00:01]} 14. O-O {[%emt 0:00:47]} Qxe5 {[%emt 0:00:26]} 15. Rd1 {[%emt 0:00:27]} Nce7 {[%emt 0:03:28]} 16. Bg5 {[%emt 0:01:25]} Bb7 {[%emt 0:00:08]} 17. Na3 {[%emt 0:00:20]} h6 {[%emt 0:00:52]} 18. Bh4 {[%emt 0:00:17]} Bc6 {[%emt 0:01:04]} 19. c4 {[%emt 0:00:50]} bxc4 {[%emt 0:00:24]} 20. Nxc4 {[%emt 0:00:06]} Qg7 {[%emt 0:00:06]} 21. Qf3 {[%emt 0:01:30]} Kc7 {[%emt 0:01:01]} 22. Rac1 {[%emt 0:00:14]} Ng6 {[%emt 0:00:16]} 23. Ne3 {[%emt 0:00:48]} Nxh4 {[%emt 0:00:21]} 24. Nxd5+ {[%emt 0:00:09]} Kd8 {[%emt 0:00:01]} 25. gxh4 {[%emt 0:00:42]} exd5 {[%emt 0:00:18]} 26. Kh1 {[%emt 0:00:35]} Rg8 {[%emt 0:00:04]} 27. Bh3 {[%emt 0:00:42]} Qf6 {[%emt 0:00:07]} 28. Rxd5 {[%emt 0:00:23]} Rc8 {[%emt 0:00:10]} 29. Rcd1 {[%emt 0:00:17]} Rg7 {[%emt 0:00:15]} 30. Bxf5 {[%emt 0:00:57]} Bd6 {[%emt 0:00:01]} 31. Qe4 {[%emt 0:01:24]} Bxd5 {[%emt 0:00:11]} 32. Qxd5 {[%emt 0:00:04]} Qe5 {[%emt 0:00:03]} 33. Qxd6 {[%emt 0:00:15]} Qxd6 {[%emt 0:00:02]} 0-1

[Event "Cellavision Cup 2018"]
[Site "Lund"]
[Date "2018.08.03"]
[Round "2"]
[White "Fransson, Patrick"]
[Black "Hector, Jonny"]
[Result "0-1"]
[WhiteElo "2124"]
[BlackElo "2491"]
[Annotator "ChessBase"]
[PlyCount "64"]
[EventDate "2018.08.03"]
[EventType "swiss"]
[EventCountry "SWE"]
[SourceTitle "playchess.com"]
[Source "ChessBase"]
[SourceQuality "1"]
[TimeControl "900+5"]

1. d4 {[%emt 0:00:00]} d5 {[%emt 0:00:00]} 2. Bg5 {[%emt 0:00:03]} f6 {[%emt 0:00:04]} 3. Bf4 {[%emt 0:00:04]} Nc6 {[%emt 0:00:16]} 4. Nf3 {[%emt 0:00:10]} Bg4 {[%emt 0:00:04]} 5. h3 {[%emt 0:02:06]} Bh5 {[%emt 0:00:10]} 6. g4 {[%emt 0:00:24]} Bf7 {[%emt 0:00:17]} 7. e3 {[%emt 0:00:13]} h5 {[%emt 0:00:12]} 8. Rg1 {[%emt 0:00:43]} hxg4 {[%emt 0:00:08]} 9. hxg4 {[%emt 0:00:02]} e6 {[%emt 0:00:16]} 10. Nbd2 {[%emt 0:01:27]} Bd6 {[%emt 0:00:03]} 11. Bxd6 {[%emt 0:00:24]} Qxd6 {[%emt 0:00:05]} 12. c4 {[%emt 0:00:45]} Nge7 {[%emt 0:01:51]} 13. c5 {[%emt 0:00:41]} Qd7 {[%emt 0:00:08]} 14. Bb5 {[%emt 0:00:13]} a6 {[%emt 0:00:03]} 15. Ba4 {[%emt 0:00:05]} b5 {[%emt 0:00:35]} 16. cxb6 {[%emt 0:02:18]} cxb6 {[%emt 0:00:03]} 17. Rc1 {[%emt 0:00:07]} b5 {[%emt 0:00:14]} 18. Bc2 {[%emt 0:00:08]} e5 {[%emt 0:00:23]} 19. Nb3 {[%emt 0:00:15]} e4 {[%emt 0:00:06]} 20. Nfd2 {[%emt 0:00:30]} Qd6 {[%emt 0:00:23]} 21. Qe2 {[%emt 0:00:37]} f5 {[%emt 0:00:47]} 22. gxf5 {[%emt 0:00:41]} Bh5 {[%emt 0:00:17]} 23. Qf1 {[%emt 0:00:11]} Nxf5 {[%emt 0:00:06]} 24. Nxe4 {[%emt 0:00:09]} dxe4 {[%emt 0:00:15]} 25. Bxe4 {[%emt 0:00:01]} Nfe7 {[%emt 0:00:31]} 26. Rxg7 {[%emt 0:00:35]} Rc8 {[%emt 0:01:04]} 27. Nc5 {[%emt 0:01:40]} Nxd4 {[%emt 0:01:28]} 28. Qd3 {[%emt 0:02:08]} Rxc5 {[%emt 0:00:24]} 29. Rc3 {[%emt 0:00:22]} Rxc3 {[%emt 0:01:22]} 30. bxc3 {[%emt 0:00:01]} Nf3+ {[%emt 0:00:43]} 31. Kf1 {[%emt 0:00:01]} Nd2+ {[%emt 0:00:18]} 32. Kg2 {[%emt 0:00:05]} Bf3+ {[%emt 0:00:15]} 0-1

[Event "Cellavision Cup 2018"]
[Site "Lund"]
[Date "2018.08.03"]
[Round "2"]
[White "Skjoldager, Per"]
[Black "Gritsak, Orest"]
[Result "0-1"]
[WhiteElo "2104"]
[BlackElo "2464"]
[Annotator "ChessBase"]
[PlyCount "68"]
[EventDate "2018.08.03"]
[EventType "swiss"]
[EventCountry "SWE"]
[SourceTitle "playchess.com"]
[Source "ChessBase"]
[SourceQuality "1"]
[TimeControl "900+5"]

1. e4 c5 {[%emt 0:00:02]} 2. c3 {[%emt 0:00:00]} d5 {[%emt 0:00:07]} 3. exd5 {[%emt 0:00:00]} Qxd5 {[%emt 0:00:01]} 4. d4 {[%emt 0:00:00]} Nf6 {[%emt 0:00:02]} 5. Nf3 {[%emt 0:00:11]} e6 {[%emt 0:00:10]} 6. Na3 {[%emt 0:00:11]} Nc6 7. Nb5 {[%emt 0:00:02]} Qd8 {[%emt 0:00:07]} 8. Bf4 {[%emt 0:00:17]} Nd5 {[%emt 0:00:08]} 9. Bg3 {[%emt 0:00:50]} a6 10. Na3 {[%emt 0:00:02]} cxd4 {[%emt 0:00:21]} 11. Nxd4 {[%emt 0:00:17]} Bxa3 {[%emt 0:02:22]} 12. Nxc6 Qb6 {[%emt 0:00:02]} 13. bxa3 {[%emt 0:02:05]} Qxc6 {[%emt 0:00:54]} 14. c4 {[%emt 0:01:26]} Nc3 {[%emt 0:00:05]} 15. Qd4 Qe4+ {[%emt 0:00:01]} 16. Qxe4 {[%emt 0:00:20]} Nxe4 {[%emt 0:00:09]} 17. Be5 {[%emt 0:00:06]} f6 {[%emt 0:00:28]} 18. Bb2 e5 19. g3 {[%emt 0:00:21]} Bf5 {[%emt 0:01:48]} 20. Bg2 {[%emt 0:00:46]} O-O-O {[%emt 0:00:06]} 21. O-O {[%emt 0:02:08]} Nd2 {[%emt 0:01:45]} 22. Rfc1 {[%emt 0:00:01]} Be4 {[%emt 0:00:01]} 23. Bxe4 {[%emt 0:01:47]} Nxe4 {[%emt 0:00:02]} 24. Rc2 {[%emt 0:00:09]} Rd2 {[%emt 0:00:51]} 25. Rac1 {[%emt 0:00:23]} Rhd8 {[%emt 0:00:07]} 26. Kg2 {[%emt 0:00:26]} Nxf2 {[%emt 0:00:54]} 27. Bc3 {[%emt 0:00:28]} Rxc2 {[%emt 0:00:15]} 28. Rxc2 {[%emt 0:00:01]} Nd3 {[%emt 0:01:28]} 29. Ba5 {[%emt 0:00:48]} b6 {[%emt 0:00:04]} 30. Bc3 {[%emt 0:00:01]} Kc7 {[%emt 0:00:09]} 31. a4 {[%emt 0:00:01]} a5 {[%emt 0:00:04]} 32. c5 {[%emt 0:00:05]} Kb7 {[%emt 0:01:36]} 33. cxb6 {[%emt 0:00:59]} Rc8 {[%emt 0:00:02]} 34. Kf1 {[%emt 0:00:16]} Nb4 {[%emt 0:00:07]} 0-1